000 00457cam a22001814a 4500
005 20250605164255.0
008 250528s ||||||||||||||||||||||||d
035 _a21904
040 _aGR-AtMCL
_bgre
_dGR-AtMCL
_eAACR2
245 1 _aΣΥΓΧΡΟΝΟ ΕΛΛΗΝΟΓΕΡΜΑΝΙΚΟ ΛΕΞΙΚΟ
250 _a1
300 _a1478
700 1 _aMandeson Arnold
_96567
942 _cBK
260 _bΔιαγορας
999 _c6961
_d6961